2 Border Countries Quiz Stats

 Plays Quiz Updated Oct 17, 2018

Support Sporcle.
Go Orange.
Score 0/20 Timer 06:00
0 Plays Today
Country Bordering Countries % Correct
AndorraFrance and Spain
89.6%
United StatesCanada and Mexico
86.2%
SwedenFinland and Norway
81.2%
MongoliaChina and Russia
75%
NepalChina and India
71%
EstoniaLatvia and Russia
70.2%
UruguayArgentina and Brazil
68.6%
BangladeshIndia and Myanmar (Burma)
65.1%
EcuadorColombia and Peru
63.3%
KuwaitIraq and Saudi Arabia
62.8%
Country Bordering Countries % Correct
TunisiaAlgeria and Libya
61.9%
BelizeGuatemala and Mexico
58.8%
United Arab EmiratesOman and Saudi Arabia
58.1%
Costa RicaNicaragua and Panama
56.6%
EswatiniMozambique and South Africa
52.9%
LiechtensteinAustria and Switzerland
50.3%
El SalvadorGuatemala and Honduras
48.5%
MoldovaRomania and Ukraine
45.4%
Equatorial GuineaCameroon and Gabon
35.9%
Guinea-BissauGuinea and Senegal
33.4%

From the Vault

Earthquake Prone States

by andy1991

Virginia currently ranks 26th.
Remove Ads.
Support Sporcle.
Get the best of Sporcle when you Go Orange. This ad-free experience offers more features, more stats, and more fun while also helping to support Sporcle. Thank you for becoming a member.

Show Comments

Extras

Top Quizzes Today


Score Distribution

Your Account Isn't Verified!

In order to create a playlist on Sporcle, you need to verify the email address you used during registration. Go to your Sporcle Settings to finish the process.

Report this User

Report this user for behavior that violates our Community Guidelines.

Details: